| 000 | 00696nam a22002297a 4500 | ||
|---|---|---|---|
| 999 |
_c4839 _d4839 |
||
| 001 | 4401 | ||
| 003 | BD-DhUAP | ||
| 005 | 20201122150854.0 | ||
| 008 | 201122s1996 nyua|||| |||| 000 0 eng d | ||
| 020 | _a0697287327 | ||
| 040 |
_aBD-DhUAP _bEng _cBD-DhUAP _dBD-DhUAP |
||
| 082 |
_223 _a551 PLU |
||
| 100 | _aPlummer, Charles C. | ||
| 245 |
_aStudent study art notebook : _bphysical geology / _cCharles C. Plummer and David McGeary. |
||
| 250 | _a7th ed. | ||
| 260 |
_aLondon : _bMcGraw-Hill, _cc1996. |
||
| 300 |
_aviii, 160 pages : _billustrations ; _c28 cm. |
||
| 650 |
_aPhysical geology _vStudy and teaching. |
||
| 650 | _aPhysical geology. | ||
| 700 | _aMcGeary, David. | ||
| 942 |
_2ddc _cBK |
||